|
|
|
|
| LEADER |
00000nab a2200000 a 4500 |
| 001 |
vtls000831353 |
| 003 |
SK-MaSNL |
| 005 |
20260304131829.0 |
| 008 |
250429c2002 xo 0 slo |
| 015 |
|
|
|a SNBRB2003/04-11159
|
| 035 |
|
|
|a CLN000183008
|
| 035 |
|
|
|a urn:nbn:sk:snk-ab1gmt
|
| 035 |
|
|
|a (urnnbn)urn:nbn:sk:snk:ar-003kq6
|
| 035 |
|
|
|a (uuid)bb555191-e616-4bc7-a6f6-466c1da441de
|
| 040 |
|
|
|a SNKBUCL
|b slo
|c SNKBUCL
|e AACR2
|
| 041 |
0 |
|
|a slo
|
| 044 |
|
|
|a xo
|c SK
|
| 080 |
|
|
|a 636.086.2:636.2.053.084.52
|2 1997
|
| 080 |
|
|
|a 636.2.053.084.52
|2 1997
|
| 080 |
|
|
|a 633.2
|2 1997
|
| 245 |
0 |
0 |
|a Krytie potreby minerálnych prvkov mladého výkrmového dobytka mäsového typu trvalými trávnymi porastami
|c Martin Rovaš ... [et al.]
|
| 300 |
|
|
|b Tab.
|
| 504 |
|
|
|a Res. angl., slov.
|
| 504 |
|
|
|a Bibliogr. odkazy
|
| 650 |
0 |
7 |
|a dobytok hovädzí
|x výkrm
|x prvky minerálne
|x porasty trávne trvalé
|2 snkbucl
|9 1445770
|
| 650 |
0 |
7 |
|a prvky minerálne
|x výživa
|x dobytok hovädzí
|2 snkbucl
|9 1445771
|
| 650 |
0 |
7 |
|a porasty trávne trvalé
|x prvky minerálne
|2 snkbucl
|9 1445772
|
| 655 |
|
7 |
|a články z novín a časopisov
|2 snkbucl
|9 267496
|
| 700 |
1 |
|
|a Rovaš, Martin
|4 aut
|9 790546
|
| 700 |
1 |
|
|a Vološin, Jozef
|4 aut
|9 5982
|
| 700 |
1 |
|
|a Majerník, František
|4 aut
|9 292722
|
| 700 |
1 |
|
|a Zmetáková, Zuzana
|4 aut
|9 790955
|
| 773 |
0 |
|
|t Agriculture
|g Roč. 48, č. 12 (2002), s. 639-644
|x 0551-3677
|
| 850 |
|
|
|a Slovenská národná knižnica
|
| 852 |
|
|
|a Slovenská národná knižnica
|
| 954 |
|
|
|a odborná, vedecká literatúra pôvodná (slovenská)
|2 lita
|
| 958 |
|
|
|a article27
|
| 958 |
|
|
|a OND
|
| 958 |
|
|
|a NB
|
| 958 |
|
|
|a EUIPO
|
| 992 |
|
|
|a RBX
|
| 999 |
|
|
|c 2897774
|d 2899704
|